| 000 | 00857cam a22002774a 4500 | ||
|---|---|---|---|
| 001 | 13131306 | ||
| 005 | 20171221040802.0 | ||
| 008 | 030321s2004 nyuaf b 001 0 eng | ||
| 010 | _a 2003046450 | ||
| 020 | _a0071403329 (softcover) | ||
| 020 | _a0071219080 (int.l ed.) | ||
| 035 | _a(DNLM)101172207 | ||
| 040 |
_aDNLM/DLC _cDLC _dDLC |
||
| 041 | _aeng | ||
| 042 | _apcc | ||
| 060 | 1 | 0 |
_aWW 18.2 _bO597 2004 |
| 080 | _a617.7 LOE | ||
| 082 | 0 | 0 |
_a617.7 LOE _221 |
| 100 | _a8 | ||
| 101 | _aOFT | ||
| 245 | 0 | 0 |
_aOphthalmology : _c[edited by] John I. Loewenstein, Scott Lee. |
| 504 | _aIncludes bibliographical references and index. | ||
| 906 |
_a7 _bcbc _corignew _d1 _eocip _f20 _gy-gencatlg |
||
| 942 |
_2ddc _cBK |
||
| 999 |
_c39266 _d39266 |
||